00343nam a22001337a 4500003000400000005001700004008004100021020001800062040002300080050001600103082001600119245003400135260004000169OSt20211104102755.0211104b |||||||| |||| 00| 0 eng d a1-57808-198-5 cHawassa university a633.1'8/SPE a633.1'8/SPE aSpeciality rices of the world aRomebScience publishers,Incc2001